Modern Islam : (Record no. 32755)
[ view plain ]
| 000 -LEADER | |
|---|---|
| fixed length control field | 00820nam a2200241 a 4500 |
| 001 - CONTROL NUMBER | |
| control field | 32755 |
| 003 - CONTROL NUMBER IDENTIFIER | |
| rucl marc code | BD-RjUL |
| 005 - DATE AND TIME OF LATEST TRANSACTION | |
| control field | 20211209051905.0 |
| 008 - FIXED-LENGTH DATA ELEMENTS--GENERAL INFORMATION | |
| fixed length control field | 140428s1962 us b 001 0 eng d |
| 035 ## - SYSTEM CONTROL NUMBER | |
| System control number | OCLC 1025056 from rgo062 |
| -- | (BD-RjUL)32845 |
| 040 ## - CATALOGING SOURCE | |
| Original cataloging agency | IAU |
| Modifying agency | OCL |
| -- | WSU |
| -- | BD-RjUL |
| Language of cataloging | eng |
| Transcribing agency | BD-RjUL |
| 041 ## - LANGUAGE CODE | |
| Language code of text/sound track or separate title | eng |
| 082 ## - DEWEY DECIMAL CLASSIFICATION NUMBER | |
| Classification number | 915.6 |
| Author mark and year | GRM 1962 |
| Edition number | 23 |
| 100 1# - MAIN ENTRY--PERSONAL NAME | |
| Personal name | Grunebaum, Gustave E. von |
| Fuller form of name | (Gustave Edmund), |
| Dates associated with a name | 1909-1972 |
| 9 (RLIN) | 98439 |
| 245 10 - TITLE STATEMENT | |
| Title | Modern Islam : |
| Remainder of title | the search for cultural identity / |
| Statement of responsibility, etc. | G.E. von Grunebaum |
| 260 ## - PUBLICATION, DISTRIBUTION, ETC. (IMPRINT) | |
| Place of publication, distribution, etc. | Berkeley : |
| Name of publisher, distributor, etc. | University of California Press, |
| Date of publication, distribution, etc. | c1962. |
| 300 ## - PHYSICAL DESCRIPTION | |
| Pagination | viii, 303 p. ; |
| Size | 24 cm |
| 504 ## - BIBLIOGRAPHY, ETC. NOTE | |
| Bibliography, etc | Includes bibliographic references and index. |
| 650 #0 - SUBJECT ADDED ENTRY--TOPICAL TERM | |
| Topical term or geographic name as entry element | Islamic civilization |
| 9 (RLIN) | 99600 |
| Topical term or geographic name as entry element | Nationalism |
| Geographic subdivision | Arab countries |
| 9 (RLIN) | 76911 |
| 942 ## - ADDED ENTRY ELEMENTS (KOHA) | |
| Source of classification or shelving scheme | Dewey Decimal Classification |
| Koha item type | Books |
| Lost status | Source of classification or shelving scheme | Damaged status | Not for loan | Collection code | Permanent Location | Current Location | Shelving location | Date acquired | Source of acquisition | Cost, normal purchase price | Total Checkouts | Full call number | Date last seen | Copy number | Koha item type |
|---|---|---|---|---|---|---|---|---|---|---|---|---|---|---|---|
| Dewey Decimal Classification | Not For Loan | Non-fiction | Central Library, University of Rajshahi | Central Library, University of Rajshahi | Reading Room | 27/05/1964 | Thomas and Thomas | 45.00 | 915.6 GRM 1962 | 28/04/2014 | C-1 | Books | |||
| Dewey Decimal Classification | Non-fiction | Central Library, University of Rajshahi | Central Library, University of Rajshahi | 21/01/1967 | Sh.Rohal Ashraf | 37.50 | 915.6 GRM 1962 | 28/04/2014 | C-4 | Books | |||||
| Dewey Decimal Classification | Non-fiction | Central Library, University of Rajshahi | Central Library, University of Rajshahi | 23/01/1964 | Zeitlinger | 915.6 GRM 1962 | 29/04/2014 | C-2 | Books | ||||||
| Dewey Decimal Classification | Non-fiction | Central Library, University of Rajshahi | Central Library, University of Rajshahi | 05/06/1965 | Orientalia | 1.50 | 915.6 GRM 1962 | 25/07/2016 | C-3 | Books |